| 000 | 00672nam a2200229 i 4500 | ||
|---|---|---|---|
| 001 | 23145 | ||
| 003 | ES-MaACL | ||
| 005 | 20250817062547.0 | ||
| 007 | t| | ||
| 008 | 021209s1977 sp |||| | spa d | ||
| 100 | 1 |
_aAlonso, Julio A. _920220 |
|
| 245 | 1 | 0 |
_aTransferencia de carga en aleaciones binarias / _cJulio A. Alonso. |
| 260 |
_aMadrid : _bFundación Juan March, _c1977. |
||
| 300 |
_a49 p. ; _c21 cm. |
||
| 490 | 1 | _aSerie universitaria | |
| 650 | 4 |
_aTransferencia de carga. _9165296 |
|
| 650 |
_aAleaciones. _99713 |
||
| 710 | 2 |
_aFundación Juan March _94346 |
|
| 830 | 0 |
_aSerie universitaria _9180747 |
|
| 852 |
_aES-MaACL _jA-7142 |
||
| 999 |
_c23145 _d23145 |
||